Mapas y planos de Santo Domingo / (Registro nro. 37961)
[ vista simple ]
| 000 -CABECERA | |
|---|---|
| campo de control de longitud fija | 00653nam a2200181 a 4500 |
| 001 - NÚMERO DE CONTROL | |
| campo de control | 000038471 |
| 005 - FECHA Y HORA DE LA ÚLTIMA TRANSACCIÓN | |
| campo de control | 20240305073655.0 |
| 008 - DATOS DE LONGITUD FIJA--INFORMACIÓN GENERAL | |
| campo de control de longitud fija | 130412s1979 dr a r 000 0 spa d |
| 040 ## - FUENTE DE LA CATALOGACIÓN | |
| Centro catalogador/agencia de origen | DO-SdBNP |
| Lengua de catalogación | spa |
| Centro/agencia transcriptor | BNPHU |
| 082 ## - NÚMERO DE LA CLASIFICACIÓN DECIMAL DEWEY | |
| Número de clasificación | xxxx |
| Número de documento/Ítem | xxxx |
| 100 1# - ENTRADA PRINCIPAL--NOMBRE DE PERSONA | |
| Nombre de persona | Rodríguez Demorizi, Emilio, |
| Fechas asociadas al nombre | 1908-1986 |
| 9 (RLIN) | 1039 |
| 245 10 - MENCIÓN DE TÍTULO | |
| Título | Mapas y planos de Santo Domingo / |
| Mención de responsabilidad, etc. | Emilio Rodríguez Demorizi ; estudio preliminar y adiciones Pedro J. Santiago. |
| 260 ## - PUBLICACIÓN, DISTRIBUCIÓN, ETC. | |
| Lugar de publicación, distribución, etc. | Santo Domingo : |
| Nombre del editor, distribuidor, etc. | Taller, |
| Fecha de publicación, distribución, etc. | 1979. |
| 300 ## - DESCRIPCIÓN FÍSICA | |
| Extensión | 371 p. : |
| Otras características físicas | ils., mapas. |
| 490 1# - MENCIÓN DE SERIE | |
| Mención de serie | Fundación Rodríguez Demorizi |
| Designación de volumen o secuencia | 13 |
| 700 1# - PUNTO DE ACCESO ADICIONAL--NOMBRE DE PERSONA | |
| Nombre de persona | Santiago, Pedro J. |
| 9 (RLIN) | 45327 |
| 830 #0 - PUNTO DE ACCESO ADICIONAL DE SERIE-TÍTULO UNIFORME | |
| Título uniforme | Fundación Rodríguez Demorizi |
| Número de parte o sección de la obra | 13 |
| 9 (RLIN) | 64818 |
| Estado de retiro | Estado de pérdida | Restricciones de uso | No para préstamo | Código de colección | Localización permanente | Ubicación/localización actual | Ubicación en estantería | Fecha de adquisición | Número de inventario | Total de préstamos | Signatura topográfica completa | Código de barras | Fecha visto por última vez | Número de copia | Precio válido a partir de | Tipo de ítem Koha | Nota pública |
|---|---|---|---|---|---|---|---|---|---|---|---|---|---|---|---|---|---|
| Dominicana de Servicio | General | General | Depósito | 29.05.2013 | LF1 | xxxx xxxx | 38471-30 | 25.06.2020 | e.3 | 25.06.2020 | Libro y Folleto Colección Dominicana de Servicio | ||||||
| Dominicana de Servicio | General | General | Depósito | 03.07.2019 | LF1 | xxxx xxxx | 38471-40 | 25.06.2020 | e.4 | 25.06.2020 | Libro y Folleto Colección Dominicana de Servicio | Perteneció a la biblioteca personal de la familia Reyes Duluc. | |||||
| Excluido de préstamo | Patrimonio Dominicano | Patrimonio Dominicano | Patrimonio Dominicano | Depósito | 12.04.2013 | LF1 | xxxx xxxx | 38471-10 | 25.06.2020 | 25.06.2020 | Libro y Folleto Colección Patrimonio Dominicano | ||||||
| Excluido de préstamo | Patrimonio Dominicano | Patrimonio Dominicano | Patrimonio Dominicano | Depósito | 12.04.2013 | LF1 | xxxx xxxx | 38471-20 | 25.06.2020 | e.2 | 25.06.2020 | Libro y Folleto Colección Patrimonio Dominicano |
